000 01079 a2200337 4500
999 _c78137
_d25899
001 78137
003 TR-AnTOB
005 20230420001255.0
008 100205s1989 tu 00100 tur
040 _aTOBB ETÜ
_cTR-AnTOB
041 _atur
050 _aB753.G3
_bG37 1989
090 _aB753.G3 G37 1989
100 1 _aWatt, W. Montgomery,
_q(William Montgomery)
_938973
245 0 _aMüslüman aydın :
_bGazali hakkında bir araştırma /
_cW.Montgomery Watt ; çev. Hanifi Özcan.
264 1 _aİzmir :
_bDokuz Eylül Üniversitesi ,
_c1989.
300 _a165 s.;
_b24cm.
490 0 _aDokuz Eylül Üniversitesi yayınları;
504 _aBibliyografya ve dizin var.
590 _aSayın Celil Güngör tarafından bağışlanmıştır.
600 0 _aGhazzālī,
_d1058-1111
_963782
650 7 _aİslam felsefesi
_2etuturkob
_9101812
650 _aIslamic philosophy
_9123116
700 _aÖzcan, Hanifi
_963783
710 2 _aDokuz Eylül Üniversitesi
_963784
902 _a28625
903 _aMerkez Kütüphane
942 _cBK
_2lcc
945 _ago, BS